000 00413nam a2200181Ia 4500
001 13771
005 20260306164825.0
008 260306t2002||||xx |||||||||||||| ||spa||
041 _aESP
082 _a005.133J
_bE19
100 _aEckel, Bruce
_eAUT
245 0 _aPiensa en Java
260 _c2002
300 _axlix, 906 páginas :
_c25 cm.
650 _aGEN
654 _aCCC
942 _cLIB
_dJUS
_fJUS
_2ddc
_n
999 _c13771
_d13771